00466nam a2200157Ia 4500999001700000003000400017005001700021008004100038040000900079082002100088100002200109245006200131260005800193300000900251942004800260 c20806d20806OSt20200622125347.0190216s9999||||xx |||||||||||||| ||und|| coclc a954.02072bNIZ/H aNizami, K A92334 0aOn History And Historians Of Medieval India /cK A Nizami bMunshiram Manoharlal Pub Pvt Ltd,c1983.aNew Delhi: a267p cBK2ddch954.02072iNIZ/Hk954.02072mNIZ/H